Statistics for Every QB To Start A Game In 2020

Click here to take the quiz!

General Stats

  • This quiz has been taken 14 times
  • The average score is 40 of 58

Answer Stats

RecordTeamAnswer% Correct
13-3PackersAaron Rodgers
100%
11-5BrownsBaker Mayfield
100%
12-3SteelersBen Roethlisberger
100%
1-4BengalsBrandon Allen
100%
8-8RaidersDerek Carr
100%
13-3BillsJosh Allen
100%
7-9VikingsKirk Cousins
100%
1-3Football TeamKyle Allen
100%
8-8CardinalsKyler Murray
100%
11-4RavensLamar Jackson
100%
5-11LionsMatthew Stafford
100%
4-12FalconsMatt Ryan
100%
14-1ChiefsPatrick Mahomes
100%
12-4SeahawksRussell Wilson
100%
11-5BuccaneersTom Brady
100%
7-8PatriotsCam Newton
93%
3-8-1EaglesCarson Wentz
93%
4-12TexansDeshaun Watson
93%
9-3SaintsDrew Brees
93%
3-349ersJimmy Garoppolo
93%
6-3BearsMitchell Trubisky
93%
11-5ColtsPhilip Rivers
93%
11-5TitansRyan Tannehill
93%
2-10JetsSam Darnold
93%
6-3DolphinsTua Tagovailoa
93%
4-5CowboysAndy Dalton
86%
4-9BroncosDrew Lock
86%
9-6RamsJared Goff
86%
4-3DolphinsRyan Fitzpatrick
86%
4-11PanthersTeddy Bridgewater
86%
2-3CowboysDak Prescott
79%
5-9GiantsDaniel Jones
79%
2-7-1BengalsJoe Burrow
79%
6-9ChargersJustin Herbert
79%
5-1Football TeamAlex Smith
64%
1-7JaguarsGardner Minshew
64%
2-649ersNick Foles
64%
2-5BearsNick Foles
64%
1-3EaglesJalen Hurts
57%
3-1SaintsTaysom Hill
57%
1-5Football TeamDwayne Haskins
50%
0-1CowboysBen DiNucci
36%
0-4JetsJoe Flacco
36%
0-1SteelersMason Rudolph
36%
0-1RavensRobert Griffin
36%
1-0ChargersTyrod Taylor
36%
0-1PatriotsBrian Hoyer
29%
1-149ersCJ Beathard
29%
0-1CowboysGarrett Gilbert
29%
0-5JaguarsMike Glennon
29%
0-1ChiefsChad Henne
21%
1-0PanthersPJ Walker
21%
1-0BroncosBrett Rypien
14%
1-1GiantsColt McCoy
14%
0-3JaguarsJake Luton
14%
0-1BroncosJeff Driskel
14%
1-0BengalsRyan Finley
14%
1-0RamsJohn Wolford
7%

Score Distribution

Percentile by Number Answered

Percent of People with Each Score

Your Score History

You have not taken this quiz